| 000 | 01557nam a2200337zi 4500 | ||
|---|---|---|---|
| 999 |
_c1178 _d1178 |
||
| 001 | 022725045 | ||
| 003 | UkOxU | ||
| 005 | 20251106101631.0 | ||
| 007 | ta | ||
| 008 | 200515e202101uuxxk j |||||||0|1 eng|d | ||
| 020 |
_a9780241396926 _qpaperback |
||
| 020 | _a9780241412039 | ||
| 035 | _a(UK-WkNB)9780241396926 | ||
| 035 | _a(StEdALDL)1/4006679 | ||
| 040 |
_aUK-WkNB _beng _erda _cUK-WkNB _dUkOxU _dKH8 |
||
| 049 | _aCROBAR | ||
| 082 | 0 | 4 | _aFIC KIN |
| 100 | 1 |
_aKinney, Jeff, _eauthor. |
|
| 245 | 1 | 0 |
_aDiary of a wimpy kid : _bwrecking ball / _cJeff Kinney. |
| 264 | 1 |
_bPuffin, _c2021. |
|
| 264 | 2 |
_aUS : _bPenguin Random House (USA), _c[date of distribution not identified] |
|
| 300 |
_a240 pages ; _c20x13x2 cm |
||
| 366 |
_b20210121 _cIP 20210120 _jGB _kxxk _2UK-WkNB |
||
| 440 |
_aDiary of a wimpy kid ; _nbk. 14. |
||
| 500 | _aPaperback / softback. B-format paperback. B-format paperback. | ||
| 520 | _aAn unexpected inheritance gives Greg Heffley's family a chance to make big changes to their house. But soon they find out that home improvement isn't all it's cracked up to be. Once the walls come down, all sorts of problems start to crop up. Rotten wood, toxic mold, unwelcome critters, and something even more sinister all make Greg and his family wonder if the renovations are worth the trouble. When the dust finally settles, will the Heffleys be able to stay, or will they need to get out of town? | ||
| 650 | _aMiddle schools -- Fiction. | ||
| 650 | _aDiaries -- Fiction. | ||
| 650 | _aChildren's humorous stories. | ||
| 942 |
_2ddc _cFIC |
||